000 00949nam a2200241 i 4500
001 185826
003 ES-MaACL
005 20250707035514.0
008 160812s1987 sp |||| |aspa d
020 _a84-309-1467-6
080 _a929 Jefferson, Thomas
100 1 _aJefferson, Thomas.
_966265
245 1 0 _aAutobiografía y otros escritos /
_cThomas Jefferson ; estudio preliminar y edición de Adrienne Koch y William Peden ; traducción de Antonio Escohotado y Manuel Sáenz de Heredia.
260 _aMadrid :
_bTecnos,
_c[1987]
300 _aXLIX, 784 p. ;
_c18 cm.
490 1 _aClásicos del pensamiento ;
_v38
600 1 4 _aJefferson, Thomas.
_966265
651 4 _aEstados Unidos-
_xHistoria-
_y1775-1783, Revolución.
_98542
651 4 _aEstados Unidos-
_xHistoria-
_y1783-1815.
_9160303
830 0 0 _aClásicos del pensamiento
_v38
_9177261
852 _aES-MaACL
_jL-30543
_z. - Donat. Miguel A. Velasco
999 _c185826
_d185826